|
|
|
|
| LEADER |
00000nam2a2200000 4500 |
| 001 |
184532 |
| 005 |
20231101223843.0 |
| 010 |
|
|
|a 9785996301539
|
| 035 |
|
|
|a (RuTPU)RU\TPU\book\200120
|
| 035 |
|
|
|a RU\TPU\book\181984
|
| 090 |
|
|
|a 184532
|
| 100 |
|
|
|a 20100913d2010 m y0rusy50 ca
|
| 101 |
0 |
|
|a rus
|
| 102 |
|
|
|a RU
|
| 105 |
|
|
|a a j 001zy
|
| 200 |
0 |
|
|a Т. 2
|
| 210 |
|
|
|d 2010
|
| 215 |
|
|
|a 486 с.
|c ил.
|
| 320 |
|
|
|a Библиогр.: с. 411-440.
|
| 320 |
|
|
|a Сокращения: с. 441-445.
|
| 320 |
|
|
|a Предметный указатель: с. 446-482.
|
| 330 |
|
|
|a В учебном пособии, написанном опытными преподавателями, известными учеными и технологами из России и Германии, систематизирован и обобщен материал по биологическим, инженерным, эколого-экономическим основам, практическим методам, способам использования и механизмам реализации современной биотехнологии для решения задач охраны окружающей среды. Рассмотрены вопросы биологической очистки загрязненных вод, дезодорации газовоздушных выбросов, переработки отходов, ремедиации почв, особенности биоповреждений и биокоррозии, получения и применения биоразлагаемых полимеров, биоиндикации и биомониторинга, а также эколого-экономические и нормативно-законодательные основы природоохранной деятельности. Для студентов, преподавателей вузов, аспирантов, научных работников, инженеров-технологов и других специалистов по биотехнологии, решающих задачи охраны окружающей среды и рационального использования природных ресурсов.
|
| 461 |
|
1 |
|0 (RuTPU)RU\TPU\book\200291
|y 978-5-9963-0151-5
|t Прикладная экобиотехнология
|o учебное пособие: в 2 т.
|f А. Е. Кузнецов [и др.]
|v Т. 2
|d 2010
|s Учебник для высшей школы
|
| 606 |
1 |
|
|a Промышленная экология
|2 stltpush
|3 (RuTPU)RU\TPU\subj\52249
|9 70735
|
| 610 |
1 |
|
|a экобиотехнология
|
| 610 |
1 |
|
|a загрязненные воды
|
| 610 |
1 |
|
|a загрязненная почва
|
| 610 |
1 |
|
|a очистка
|
| 610 |
1 |
|
|a растения
|
| 610 |
1 |
|
|a водоросли
|
| 610 |
1 |
|
|a озерные экосистемы
|
| 610 |
1 |
|
|a нефть
|
| 610 |
1 |
|
|a нефтепродукты
|
| 610 |
1 |
|
|a биологическое удаление
|
| 610 |
1 |
|
|a тяжелые металлы
|
| 610 |
1 |
|
|a радионуклиды
|
| 610 |
1 |
|
|a биоповреждения
|
| 610 |
1 |
|
|a биокоррозия
|
| 610 |
1 |
|
|a окружающая среда
|
| 610 |
1 |
|
|a мониторинг
|
| 610 |
1 |
|
|a биотестирование
|
| 610 |
1 |
|
|a биоиндикация
|
| 610 |
1 |
|
|a токсикологическое нормирование
|
| 610 |
1 |
|
|a экологическое нормирование
|
| 610 |
1 |
|
|a природоохранные технологии
|
| 610 |
1 |
|
|a природоохранное законодательство
|
| 610 |
1 |
|
|a биосинтез
|
| 610 |
1 |
|
|a биологическая очистка
|
| 610 |
1 |
|
|a технико-экономический расчет
|
| 610 |
1 |
|
|a технико-экономический расчет
|
| 610 |
1 |
|
|a токсичность
|
| 610 |
1 |
|
|a мутагенное действие
|
| 610 |
1 |
|
|a биотест-системы
|
| 610 |
1 |
|
|a биотехнологии
|
| 610 |
1 |
|
|a природопользование
|
| 675 |
|
|
|a 504.064(075.8)
|v 3
|
| 801 |
|
1 |
|a RU
|b 63413507
|c 20091020
|
| 801 |
|
2 |
|a RU
|b 63413507
|c 20150209
|g RCR
|
| 900 |
|
|
|a Прикладная экология и радиационная безопасность
|
| 900 |
|
|
|a Биотехнология
|
| 900 |
|
|
|a Биоэкология
|
| 942 |
|
|
|c BK
|
| 951 |
|
|
|b 240901
|
| 959 |
|
|
|a 107/20091016
|d 1
|e 0
|f ЧЗТЛ:1
|